Calle descalza / (Record no. 141407)

MARC details
000 -CABECERA
campo de control de longitud fija 00842cam a22002654a 4500
003 - IDENTIFICADOR DEL NÚMERO DE CONTROL
campo de control UPN
005 - FECHA Y HORA DE LA ÚLTIMA TRANSACCIÓN
campo de control 20240326063652.0
008 - ELEMENTOS DE LONGITUD FIJA--INFORMACIÓN GENERAL
campo de control de longitud fija 090216s2000 ag a r 000 f spa d
020 ## - NÚMERO INTERNACIONAL NORMALIZADO PARA LIBROS
Número Internacional Estándar del Libro 9500285444
035 ## - NÚMERO DE CONTROL DEL SISTEMA
Número de control de sistema UPN01000169301
040 ## - FUENTE DE LA CATALOGACIÓN
Centro catalogador/agencia de origen UPN
Lengua de catalogación spa
Centro/agencia transcriptor UPN
049 ## - COLECCIÓN
Colección CG
050 #4 - SIGNATURA TOPOGRÁFICA DE LA BIBLIOTECA DEL CONGRESO
Número de clasificación PQ9697 V37
Número de documento/Ítem C34 2000
100 1# - ASIENTO PRINCIPAL--NOMBRE PERSONAL
Nombre de persona Vasconcelos, José Mauro de,
Fechas asociadas al nombre 1920-1984
9 (RLIN) 30264
245 10 - MENCIÓN DE TÍTULO
Título Calle descalza /
Mención de responsabilidad, etc. José Mauro de Vasconcelos ; traducción Haydée M. Jofre Barroso.
250 ## - MENCIÓN DE EDICIÓN
Mención de edición Quinta edición
260 ## - PUBLICACIÓN, DISTRIBUCIÓN, ETC.
Lugar de publicación, distribución, etc. Buenos Aires :
Nombre del editor, distribuidor, etc. El Ateneo,
Fecha de publicación, distribución, etc. 2000.
300 ## - DESCRIPCIÓN FÍSICA
Extensión 165 páginas :
Otras características físicas ilustraciones
534 ## - NOTA SOBRE LA VERSIÓN ORIGINAL
Frase introductoria Titulo original:
Mención de título del original Rua descalca
650 #4 - ASIENTO SECUNDARIO DE MATERIA - TERMINO TEMATICO
Término de materia o nombre geográfico como elemento de entrada Novela brasileña
9 (RLIN) 5077
700 1# - ASIENTO SECUNDARIO--NOMBRE DE PERSONAL
Nombre de persona Jofre Barroso, Haydée M.
Fechas asociadas al nombre 1916-2006
Término indicativo de función/relación traductora
9 (RLIN) 46423
902 ## - ELEMENTOS DE DATOS B LOCAL, LDB (RLIN)
Modificó Carolina Alvarado/190922/M
905 ## - TIPO DE MATERIAL
Tipo de material Libro
942 ## - ELEMENTOS DE PUNTO DE ACCESO ADICIONAL (KOHA)
Fuente del sistema de clasificación o colocación Library of Congress Classification
Tipo de ítem Koha Libro
Holdings
Estado de retiro Estado de pérdida Fuente del sistema de clasificación o colocación Estado dañado No para préstamo Código de colección Localización permanente Ubicación/localización actual Ubicación en estantería Fecha de adquisición Clasificación Código de barras Fecha visto por última vez Tipo de ítem Koha
    Library of Congress Classification     Colección General Bib. Gregorio Torres Quintero Bib. Gregorio Torres Quintero Planta baja 19/09/2022 PQ9697 V37 C34 2000 AP796 31/12/2020 Libro